A comparative study on the concept of guilt offering in Leviticus 5:14-6 : 7 with the customary law and practice of the Paite community in regards to offenses and accidents / (Record no. 9566)

MARC details
000 -LEADER
fixed length control field 00556nam a22001577a 4500
003 - CONTROL NUMBER IDENTIFIER
control field GBCCL
005 - DATE AND TIME OF LATEST TRANSACTION
control field 20241126110714.0
008 - FIXED-LENGTH DATA ELEMENTS--GENERAL INFORMATION
fixed length control field 230316b ||||| |||| 00| 0 eng d
040 ## - CATALOGING SOURCE
Transcribing agency gbc
082 ## - DEWEY DECIMAL CLASSIFICATION NUMBER
Classification number ARCH GBC-2022
Item number KIM
100 ## - MAIN ENTRY--PERSONAL NAME
Personal name Kim, Khawlmuan
9 (RLIN) 16637
245 ## - TITLE STATEMENT
Title A comparative study on the concept of guilt offering in Leviticus 5:14-6 : 7 with the customary law and practice of the Paite community in regards to offenses and accidents /
Remainder of title Khawlmuankim
260 ## - PUBLICATION, DISTRIBUTION, ETC.
Place of publication, distribution, etc. New Lamka :
Name of publisher, distributor, etc. Grace Bible College,
Date of publication, distribution, etc. 2022
300 ## - PHYSICAL DESCRIPTION
Extent 45p. ;
942 ## - ADDED ENTRY ELEMENTS (KOHA)
Source of classification or shelving scheme Dewey Decimal Classification
Koha item type Thesis
Holdings
Withdrawn status Lost status Source of classification or shelving scheme Damaged status Not for loan Home library Current Library Shelving location Date acquired Total checkouts Full call number Barcode Date last seen Copy number Price effective from Koha item type
    Dewey Decimal Classification     GRACE BIBLE COLLEGE GRACE BIBLE COLLEGE Archives 2023-03-16   ARCH GBC-2022 KIM 025183 2025-05-01 c.1 2023-03-16 Thesis
© Grace Bible College Library 2025